All St. Louis Metro Area Cities on a Map - Statistics

General Stats
  • This quiz has been taken 36 times
  • The average score is 43 of 302
Answers on the Map
Answers color-coded by a green-red scale on the quiz's map according to % correct below.
 
Answer Stats
Answer Population % Correct
St. Louis 281,754
100%
O'Fallon 31,968 | 94,074
79%
St. Charles 71,800
79%
East St. Louis 17,642
69%
Florissant 51,128
62%
University City 34,096
62%
Wentzville 47,497
62%
St. Peters 59,413
59%
Chesterfield 165 | 49,166
55%
Belleville 40,726
52%
Washington 15,450
52%
Alton 25,006
48%
Clayton 17,461
48%
Ferguson 17,996
48%
Eureka 13,092
45%
Kirkwood 29,174
45%
Maryland Heights 27,575
45%
Webster Groves 23,449
45%
Lake St. Louis 18,661
41%
Wildwood 34,851
41%
Affton 20,035
38%
Collinsville 23,779
38%
Edwardsville 26,698
38%
Fenton 4,048
38%
Ladue 8,880
38%
Manchester 18,012
38%
Arnold 21,059
34%
Ballwin 30,410
34%
Creve Coeur 18,457
34%
Town and Country 11,553
34%
Valley Park 6,725
34%
Festus 13,443
31%
Granite City 26,908
31%
Oakville 35,166
31%
Sunset Hills 9,041
31%
Troy 11,209 | 14,591
31%
Warrenton 9,298
31%
Bellefontaine Neighbors 10,370
28%
Brentwood 8,070
28%
Columbia 10,933
28%
Hazelwood 24,863
28%
Overland 15,496
28%
Pacific 7,554
28%
Richmond Heights 9,058
28%
St. Ann 12,658
28%
Crestwood 12,175
24%
De Soto 6,493
24%
Des Peres 9,099
24%
Hillsboro 3,502
24%
Imperial 5,617
24%
Jennings 12,836
24%
Kinloch 260
24%
Lemay 16,431
24%
Mehlville 29,089
24%
Olivette 8,843
24%
Sauget 132
24%
Shrewsbury 6,243
24%
Barnhart 6,036
21%
Bel-Ridge 2,078
21%
Berkeley 8,031
21%
Black Jack 6,538
21%
Bridgeton 11,261
21%
Ellisville 9,801
21%
Frontenac 3,727
21%
Glendale 6,051
21%
Maplewood 8,041
21%
Marlborough 2,180
21%
Normandy 4,213
21%
Pevely 6,064
21%
Rock Hill 4,649
21%
Sappington 6,882
21%
Spanish Lake 18,183
21%
St. John 6,460
21%
Twin Oaks 585
21%
Union 13,000
21%
West Alton 350
21%
Bel-Nor 1,355
17%
Champ 8
17%
Crystal City 4,717
17%
Dardenne Prairie 13,803
17%
Dupo 3,821
17%
East Alton 5,639
17%
Fairview Heights 16,125
17%
Foristell 616
17%
Grantwood Village 921
17%
Herculaneum 5,245
17%
High Ridge 4,209
17%
Huntleigh 351
17%
Murphy 8,566
17%
Shiloh 14,736
17%
Sullivan 6,829
17%
Vinita Park 1,926
17%
Warson Woods 1,982
17%
Waterloo 11,144
17%
Weldon Spring 5,263
17%
Winchester 1,403
17%
Cahokia Heights 17,114
14%
Caseyville 4,359
14%
Concord 18,028
14%
Cottleville 6,043
14%
Defiance 80
14%
Godfrey 17,597
14%
Grafton 765
14%
Innsbrook 639
14%
Jerseyville 8,263
14%
Lebanon 4,571
14%
Moline Acres 2,096
14%
Oakland 1,370
14%
Old Jamestown 21,121
14%
St. Clair 4,716
14%
St. George 1,568
14%
St. Paul 3,622
14%
Swansea 14,472
14%
Wellston 1,583
14%
Wood River 10,270
14%
Wright City 5,354
14%
Augusta 264
10%
Beverly Hills 458
10%
Breckenridge Hills 4,348
10%
Carlyle 3,197
10%
Charlack 1,274
10%
Clarkson Valley 2,543
10%
Cool Valley 1,006
10%
Country Life Acres 71
10%
Crystal Lake Park 502
10%
Edmundson 842
10%
Glen Carbon 13,868
10%
Green Park 2,664
10%
Kimmswick 135
10%
Madison 3,065
10%
Mascoutah 8,916
10%
New Haven 2,389
10%
New Melle 538
10%
Old Monroe 269
10%
Pagedale 2,506
10%
Pasadena Hills 883
10%
Riverview 2,327
10%
Sycamore Hills 545
10%
Truxton 67
10%
Valmeyer 1,212
10%
Westwood 308
10%
Winfield 1,602
10%
Bella Villa 731
7%
Bethalto 9,170
7%
Brighton 2,166
7%
Brooklyn 626
7%
Brussels 117
7%
Byrnes Mill 3,185
7%
Calverton Park 1,122
7%
Cedar Hill 1,568
7%
Damiansville 552
7%
Fayetteville 286
7%
Fults 25
7%
Glasgow Village 5,491
7%
Gray Summit 2,847
7%
Greenville 6,979
7%
Hawk Point 736
7%
Lakeshire 1,514
7%
Marthasville 1,283
7%
Moscow Mills 4,017
7%
New Athens 1,873
7%
New Baden 3,364
7%
Norwood Court 873
7%
Palmyra 595
7%
Peaceful Village 97
7%
Pine Lawn 2,683
7%
Pocahontas 680
7%
Pontoon Beach 5,804
7%
Scott AFB 4,195
7%
Silex 264
7%
Stanton 307
7%
St. Jacob 1,369
7%
St. Libory 610
7%
Villa Ridge 2,994
7%
Washington Park 2,493
7%
Weldon Spring Heights 92
7%
Wilbur Park 423
7%
Woodson Terrace 3,871
7%
Albers 1,117
3%
Alhambra 608
3%
Aviston 2,422
3%
Bartelso 633
3%
Batchtown 163
3%
Beckemeyer 912
3%
Benld 1,419
3%
Berger 259
3%
Breese 4,600
3%
Briarwood Estates 303
3%
Bunker Hill 1,596
3%
Carlinville 5,531
3%
Castle Point 2,792
3%
Cave 2
3%
Cedar Hill Lakes 201
3%
Chain of Rocks 104
3%
Charmwood 16
3%
Country Club Hills 994
3%
Dellwood 4,811
3%
Dorchester 125
3%
Eagarville 110
3%
East Carondelet 375
3%
East Gillespie 262
3%
Elsah 518
3%
Elsberry 2,051
3%
Fairmont City 2,174
3%
Fidelity 98
3%
Fieldon 166
3%
Flint Hill 846
3%
Flordell Hills 705
3%
Foley 101
3%
Fountain N' Lakes 185
3%
Freeburg 4,501
3%
Gerald 1,342
3%
Germantown 1,369
3%
Gillespie 3,112
3%
Girard 1,747
3%
Glen Echo Park 114
3%
Grantfork 339
3%
Greendale 631
3%
Hamburg 96
3%
Hamel 918
3%
Hanley Hills 1,956
3%
Hardin 786
3%
Hartford 1,157
3%
Hecker 418
3%
Hettick 142
3%
Highland 9,961
3%
Hillsdale 1,181
3%
Hoffman 433
3%
Holiday Shores 3,162
3%
Horine 809
3%
Huey 158
3%
Josephville 543
3%
Kampsville 298
3%
Keyesport 403
3%
LaBarque Creek 1,292
3%
Lake Ka-Ho 196
3%
Lake St. Clair 670
3%
Lake Tekakwitha 235
3%
Lenzburg 451
3%
Leslie 135
3%
Livingston 745
3%
Maeystown 148
3%
Marine 941
3%
Marissa 1,752
3%
Maryville 8,316
3%
Medora 367
3%
Millstadt 3,943
3%
Miramiguoa Park 123
3%
Mitchell 847
3%
Modesto 179
3%
Moro 337
3%
Mount Clare 311
3%
Mount Olive 1,961
3%
Mulberry Grove 504
3%
New Douglas 338
3%
Nilwood 197
3%
Northwoods 3,583
3%
Oak Grove Village 400
3%
Old Ripley 81
3%
Olympian Village 715
3%
Otterville 83
3%
Parkdale 155
3%
Parkway 650
3%
Pasadena Park 426
3%
Pendleton 37
3%
Pierron 448
3%
Portage Des Sioux 325
3%
Prairietown 189
3%
Raintree Plantation 2,006
3%
Rosewood Heights 4,047
3%
Roxana 1,413
3%
Royal Lakes 168
3%
Sawyerville 261
3%
Scotsdale 197
3%
Scottville 94
3%
Shipman 502
3%
Smithboro 150
3%
Smithton 3,900
3%
Sorento 415
3%
South Roxana 1,854
3%
Standard City 128
3%
Staunton 4,951
3%
St. Rose 461
3%
Summerfield 332
3%
Summer Set 1,222
3%
Three Creeks 6
3%
Trenton 2,642
3%
Truesdale 923
3%
Uplands Park 304
3%
Velda City 1,245
3%
Velda Village Hills 849
3%
Venice 1,457
3%
Virden 3,167
3%
White City 217
3%
Whiteside 61
3%
Williamson 177
3%
Wilsonville 527
3%
Worden 1,070
3%
Bellerive Acres 184
0%
No matching quizzes found
Score Distribution
Percent of People with Each Score
Percentile by Number Answered
Your Score History
You have not taken this quiz